Nobel-díjasaink

Elmentve itt :
Bibliográfiai részletek
Szerző: Vajda Dezső
Dokumentumtípus: Cikk
Megjelent: Lapkiadó Vállalat 1988-01-28
Sorozat:Magyar Nemzet : a Hazafias Népfront lapja 51 No. 23
Online Access:http://misc.bibl.u-szeged.hu/74282
LEADER 00623nab a2200181 i 4500
001 misc74282
005 20231121102702.0
008 231121s1988 hu o 000 hun d
022 |a 1418-155X 
040 |a SZTE Miscellanea Repozitórium  |b hun 
041 |a hun 
100 1 |a Vajda Dezső 
245 1 0 |a Nobel-díjasaink  |h [elektronikus dokumentum] /  |c  Vajda Dezső 
260 |a Lapkiadó Vállalat  |c 1988-01-28 
300 |a 6 
490 0 |a Magyar Nemzet : a Hazafias Népfront lapja  |v 51 No. 23 
561 |a Szent-Györgyi Albertről szóló irodalom 
856 4 0 |u http://misc.bibl.u-szeged.hu/74282/1/szgya_1988_043.pdf  |z Dokumentum-elérés